Plato's thought in the making: a study of the development of his metaphysics
I tiakina i:
| Kaituhi matua: | |
|---|---|
| Hōputu: | Pukapuka |
| Reo: | Ingarihi |
| I whakaputaina: |
Cambridge
Cambridge University Press
1965
|
| Ngā marau: | |
| Ngā Tūtohu: |
Tāpirihia he Tūtohu
Kāore He Tūtohu, Me noho koe te mea tuatahi ki te tūtohu i tēnei pūkete!
|
MARC
| LEADER | 00000nam a2200000 a 4500 | ||
|---|---|---|---|
| 001 | UCY7037 | ||
| 003 | CL-VaPUC | ||
| 008 | 950602e19650000UK |||||||||||||||||eng|d | ||
| 082 | 0 | 4 | |a 184 |b RAV |2 21 |
| 100 | 0 | |a Raven, J. E |e author |9 337308 | |
| 245 | 1 | 0 | |a Plato's thought in the making: a study of the development of his metaphysics |
| 300 | |a 256 p | ||
| 942 | |c BK | ||
| 945 | |d 19950602 00:00:00 |a oaravena | ||
| 260 | |a Cambridge |b Cambridge University Press |c 1965 | ||
| 600 | 0 | 7 | |a PLATON |2 CL-VaPUC |9 222 |
| 650 | 0 | |a Filosofía |9 223554 | |
| 650 | 0 | |a Filosofía antigua |9 255705 | |
| 650 | 0 | |a Metafísica |9 265649 | |
| 650 | 0 | |a Ontología |9 256850 | |
| 650 | 0 | |a Vida |9 266033 | |
| 650 | 0 | |a Política |9 255312 | |
| 650 | 0 | |a Filosofía del espíritu |9 320175 | |
| 651 | 0 | |a Grecia |9 265314 | |
| 583 | |a last modification |c 20120828 10:46:59 |k Rodrigo Vera | ||
| 999 | |c 234511 |d 234509 | ||
| 952 | |0 0 |1 0 |4 0 |6 184_000000000000000_RAV_1965 |7 0 |8 P |9 240950 |a BIBEDU |b BIBEDU |c BIBEDU_PB |d 2019-11-18 |i 1514695 |l 2 |o 184 RAV 1965 |p 1514695 |r 2025-04-03 |s 2025-04-01 |w 2019-11-18 |y BK |k FIL | ||